| 000 | 00574nam a2200181Ia 4500 | ||
|---|---|---|---|
| 008 | 090201s9999 xx 000 0 und d | ||
| 010 | _aKPL-62450 | ||
| 040 | _bमराठी | ||
| 041 | _aमराठी | ||
| 082 |
_a34365 _b62450 |
||
| 100 | _aअविनाश गोखले | ||
| 245 | _aबाळाचे आरोग्य | ||
| 245 | _cअविनाश गोखले | ||
| 260 |
_c2004 _bमेहता पब्लिशिंग हाऊस |
||
| 300 |
_a77 _bमोठा |
||
| 600 | _aबाळाचे आरोग्य | ||
| 942 | _cBOOK | ||
| 999 |
_c232558 _d232558 |
||